अयोध्या का इतिहास / (Record no. 118163)

MARC details
000 -LEADER
fixed length control field 01181nam a22002537a 4500
005 - DATE AND TIME OF LATEST TRANSACTION
control field 20170124103107.0
010 ## - LIBRARY OF CONGRESS CONTROL NUMBER
LC control number B-055695
020 ## - INTERNATIONAL STANDARD BOOK NUMBER
Terms of availability 250.00
International Standard Book Number 8170631483
035 ## - SYSTEM CONTROL NUMBER
System control number B-055695
037 ## - SOURCE OF ACQUISITION
Source of stock number/acquisition Cen Lib/Ret
040 ## - CATALOGING SOURCE
Original cataloging agency DPL
Language of cataloging HN
082 ## - DEWEY DECIMAL CLASSIFICATION NUMBER
Classification number 954.13
Item number सीतारा
100 ## - MAIN ENTRY--PERSONAL NAME
Personal name सीताराम, अवधवासी लाला
9 (RLIN) 50779
245 ## - TITLE STATEMENT
Title अयोध्या का इतिहास /
Statement of responsibility, etc अवधवासी लाला सीताराम
246 ## - VARYING FORM OF TITLE
Title proper/short title Ayodhyā kā itihāsa /
Remainder of title by Avadhvasi Lala Sitaram
260 ## - PUBLICATION, DISTRIBUTION, ETC. (IMPRINT)
Place of publication, distribution, etc नयी दिल्ली
Name of publisher, distributor, etc आर्य बुक डिपो
Date of publication, distribution, etc 2001
270 ## - ADDRESS
City नयी दिल्ली
Address 30, नाईवाला, करोलबाग
Postal code 110005
300 ## - PHYSICAL DESCRIPTION
Extent 212पृ.
Dimensions 21सेमी (सजिल्द)
650 ## - SUBJECT ADDED ENTRY--TOPICAL TERM
Topical term or geographic name as entry element अयोध्या (फैजाबाद, भारत) - इतिहास।
9 (RLIN) 78638
650 ## - SUBJECT ADDED ENTRY--TOPICAL TERM
Topical term or geographic name as entry element भारत - फैजाबाद - अयोध्या।
9 (RLIN) 45349
650 ## - SUBJECT ADDED ENTRY--TOPICAL TERM
Topical term or geographic name as entry element Ayodhya (Faizabad, India) -- History.
9 (RLIN) 78639
650 ## - SUBJECT ADDED ENTRY--TOPICAL TERM
Topical term or geographic name as entry element India -- Faizabad -- Ayodhya.
9 (RLIN) 12494
942 ## - ADDED ENTRY ELEMENTS (KOHA)
Source of classification or shelving scheme Dewey Decimal Classification
Koha item type Hindi Books
Classification part 954.13
Call number suffix सीतारा
Holdings
Withdrawn status Lost status Damaged status Not for loan Home library Current library Date acquired Source of acquisition Cost, normal purchase price Total Checkouts Full call number Barcode Date last seen Date checked out Copy number Cost, replacement price Price effective from Koha item type Public note
Written off       Central Library Central Library 10/09/2015 Cen Lib/Ret 250.00 3 954.13 सीतारा B-055695 20/04/2018 02/04/2018 1 250.00 10/09/2015 Hindi Books Written off on approval by DLB (By Circulation); dtd 15-06-2023

© Delhi Public Library
Hit Counter
free hit counter